000 01112nam a22004570a 4500
001 PT41268
003 AR-LpoUNG
005 20210131230835.0
008 191001s2006||||fr |||||||||||||||||fre d
020 _a2218922886
_c$57.50
040 _aAR-LpoUNG
_bspa
_cAR-LpoUNG
_eaacr
041 _afre
044 _afr
082 0 _aR940 87dic
100 1 _aKott, Sandrine
245 1 0 _aDictionnaire des nations et des nationalismes dans l'Europe contemporaine
260 _aParís :
_bHatier,
_cagosto de 2006.
300 _a414 p. :
_bmapas
650 4 _aCIUDADES
650 4 _aCOLONIALISMO
650 4 _aCOMUNISMO
650 4 _aCULTURA
650 4 _aDICCIONARIOS
650 4 _aECONOMIA
650 4 _aEDUCACION
650 4 _aEUROPA
650 4 _aFOLKLORE
650 4 _aGUERRA CIVIL
650 4 _aHISTORIA
650 4 _aHISTORIA POLITICA
650 4 _aINMIGRACION
650 4 _aLENGUAS
650 4 _aNACION
650 4 _aNACIONALES
650 4 _aRELIGION
650 4 _aSOCIALISMO
651 4 _aEuropa
700 1 _aMichonneau, Stéphane
905 _a41268
942 _cLSALA
999 _c6489
_d6489